<?xml version="1.0" encoding="UTF-8"?>
<collection xmlns="http://www.loc.gov/MARC21/slim">
 <record>
  <leader>     na                 </leader>
  <controlfield tag="001">INLIS000000000000362</controlfield>
  <controlfield tag="005">20260105084748</controlfield>
  <datafield tag="035" ind1=" " ind2=" ">
   <subfield code="a">0010-0323000256</subfield>
  </datafield>
  <controlfield tag="007">ta</controlfield>
  <controlfield tag="008">260105                c          1 ind  </controlfield>
  <datafield tag="020" ind1=" " ind2=" ">
   <subfield code="a">978-602-367-479-4</subfield>
  </datafield>
  <datafield tag="082" ind1=" " ind2=" ">
   <subfield code="a">899.221 3</subfield>
  </datafield>
  <datafield tag="084" ind1=" " ind2=" ">
   <subfield code="a">899.221 3 SAF s</subfield>
  </datafield>
  <datafield tag="100" ind1="0" ind2=" ">
   <subfield code="a">Safa Nabila Lasabuda ( pengarang )</subfield>
  </datafield>
  <datafield tag="245" ind1="1" ind2=" ">
   <subfield code="a">Sahabat jarak Jauh :</subfield>
   <subfield code="b">diary persahabatan /</subfield>
   <subfield code="c">Safa Nabila Lasabuda ; penyunting,Sinta Hardini</subfield>
  </datafield>
  <datafield tag="250" ind1=" " ind2=" ">
   <subfield code="a">-Cet.I, Februari 2018</subfield>
  </datafield>
  <datafield tag="260" ind1=" " ind2=" ">
   <subfield code="a">Bandung :</subfield>
   <subfield code="b">Muffin Granphics,</subfield>
   <subfield code="c">2018</subfield>
  </datafield>
  <datafield tag="300" ind1=" " ind2=" ">
   <subfield code="a">92 :</subfield>
   <subfield code="b">ilus. ;</subfield>
   <subfield code="c">21 cm</subfield>
   <subfield code="e">-</subfield>
  </datafield>
  <datafield tag="700" ind1="0" ind2=" ">
   <subfield code="a">Shinta Hanani ( penyunting )</subfield>
  </datafield>
  <datafield tag="650" ind1=" " ind2="4">
   <subfield code="a">fiksi Indonesia - Bacaan Anak-anak</subfield>
  </datafield>
  <datafield tag="520" ind1=" " ind2=" ">
   <subfield code="a">Selama duduk di bangku sekolah dasar, Nabila harus mengalami beberapa kali perpisahan dengan sahabatnya. Satu persatu sahabatnya pergi ke luar kota dan menetap di sana. Waktu terus berlalu, Nabila selalu rindu kebersamaan dengan sahabat-sahabatnya yang menyenangkan. Sampai suatu hari, Nabila mendapat kejutan tak terduga …&#13;
&#13;
Selama duduk di bangku sekolah dasar, Nabila harus mengalami beberapa kali perpisahan dengan sahabatnya. Satu persatu sahabatnya pergi ke luar kota dan menetap di sana. Waktu terus berlalu, Nabila selalu rindu kebersamaan dengan sahabat-sahabatnya yang menyenangkan. Sampai suatu hari, Nabila mendapat kejutan tak terduga …&#13;
&#13;
Selama duduk di bangku sekolah dasar, Nabila harus mengalami beberapa kali perpisahan dengan sahabatnya. Satu persatu sahabatnya pergi ke luar kota dan menetap di sana. Waktu terus berlalu, Nabila selalu rindu kebersamaan dengan sahabat-sahabatnya yang menyenangkan. Sampai suatu hari, Nabila mendapat kejutan tak terduga …&#13;
&#13;
Selama duduk di bangku sekolah dasar, Nabila harus mengalami beberapa kali perpisahan dengan sahabatnya. Satu persatu sahabatnya pergi ke luar kota dan menetap di sana. Waktu terus berlalu, Nabila selalu rindu kebersamaan dengan sahabat-sahabatnya yang menyenangkan. Sampai suatu hari, Nabila mendapat kejutan tak terduga …&#13;
Selama duduk di bangku sekolah dasar, Nabila harus mengalami beberapa kali perpisahan dengan sahabatnya. Satu persatu sahabatnya pergi ke luar kota dan menetap di sana. Waktu terus berlalu, Nabila selalu rindu kebersamaan dengan sahabat-sahabatnya yang menyenangkan. Sampai suatu hari, Nabila mendapat kejutan tak terduga …Selama duduk di bangku sekolah dasar, Nabila harus mengalami beberapa kali perpisahan dengan sahabatnya. Satu persatu sahabatnya pergi ke luar kota dan menetap di sana. Waktu terus berlalu, Nabila selalu rindu kebersamaan dengan sahabat-sahabatnya yang menyenangkan. Sampai suatu hari, Nabila mendapat kejutan tak terduga …Selama duduk di bangku sekolah dasar, Nabila harus mengalami beberapa kali perpisahan dengan sahabatnya. Satu persatu sahabatnya pergi ke luar kota dan menetap di sana. Waktu terus berlalu, Nabila selalu rindu kebersamaan dengan sahabat-sahabatnya yang menyenangkan. Sampai suatu hari, Nabila mendapat kejutan tak terduga …</subfield>
  </datafield>
  <datafield tag="990" ind1=" " ind2=" ">
   <subfield code="a">00150/K/2019</subfield>
  </datafield>
  <datafield tag="990" ind1=" " ind2=" ">
   <subfield code="a">00065/K/2020</subfield>
  </datafield>
 </record>
</collection>
